[Event "URS-ch U20"]
[Site "Vilnius"]
[Date "1984.??.??"]
[Round "9"]
[White "Pigusov, Evgeny"]
[Black "Majorovas, Vitalijus"]
[Result "1/2-1/2"]
[WhiteElo "2460"]
[BlackElo "2420"]

1.Nf3 Nf6 2.g3 g6 3.c4 Bg7 4.d4 O-O 5.Bg2 d6 6.O-O Nc6 7.Nc3 Bf5 8.d5 Na5
9.Nd4 Bd7 10.b3 c5 11.dxc6 Nxc6 12.Bb2 Qa5 13.e4 Nxd4 14.Qxd4 Bc6 15.Qd3 a6
16.Rfe1 Nd7 17.Qc2 Rfe8 18.a4 Nc5 19.Re3 Ne6 20.Ne2 Red8 21.Bxg7 Kxg7 22.h4 Qe5
23.Rd1 a5 24.Kh2 Kg8 25.Qd2 Re8 26.Nc3 Nc5 27.Qc2 Rad8 28.Nd5 Qg7 29.e5 Bxd5
30.cxd5 b6 31.f4 f6 32.Rde1 fxe5 33.fxe5 Rf8 34.Qe2 dxe5 35.Rxe5 Rf7 36.Qb5 Qf6
37.R5e3 Rdf8 38.Qc6 Rd8 39.R1e2 Qd6 40.Qb5 Rdf8 41.Qc6 Rd8 42.Qb5  1/2-1/2

[Event "Vrnjacka Banja"]
[Site "Vrnjacka Banja"]
[Date "1984.??.??"]
[Round "?"]
[White "Spassov, Liuben"]
[Black "Krnic, Zdenko"]
[Result "1/2-1/2"]
[WhiteElo "2475"]
[BlackElo "2410"]

1.d4 Nf6 2.c4 g6 3.Nf3 Bg7 4.g3 O-O 5.Bg2 d6 6.Nc3 c6 7.O-O a6 8.e4 b5 9.e5 Ne8
10.Qe2 Nc7 11.Rd1 d5 12.b3 h6 13.Ne1 bxc4 14.bxc4 a5 15.cxd5 cxd5 16.Ba3 Re8
17.f4 Nc6 18.Nc2 Ba6 19.Qf3 e6 20.g4 Rb8 21.Bd6 Rb2 22.Ne3 Nb5 23.Nxb5 Bxb5
24.Ba3 Be2 25.Qf2 Bxd1 26.Qxb2  1/2-1/2

[Event "URS-ch sf"]
[Site "Aktjubinsk"]
[Date "1985.??.??"]
[Round "?"]
[White "Dokhoian, Yury"]
[Black "Petrushin, Alexander I"]
[Result "1-0"]
[WhiteElo "2240"]
[BlackElo "2390"]

1.d4 Nf6 2.Nf3 g6 3.c4 Bg7 4.g3 O-O 5.Bg2 d6 6.O-O Nbd7 7.Nc3 e5 8.e4 exd4
9.Nxd4 Re8 10.h3 Nc5 11.Re1 a5 12.Ndb5 Nfd7 13.Be3 Ne5 14.Bxc5 dxc5 15.Qxd8 Rxd8
16.Nxc7 Rb8 17.Red1 Be6 18.Nxe6 fxe6 19.f4 Nxc4 20.e5 b6 21.b3 Ne3 22.Rxd8+ Rxd8
23.Ne4 Bf8 24.Rc1 Rd4 25.Bf3 a4 26.Kf2 Nf5 27.g4 Nh4 28.Rc4 Rd3 29.Nf6+ Kf7
30.Be4 Rxh3 31.Rxa4 h6 32.Ra7+ Be7 33.Ng8 Kxg8 34.Rxe7 g5 35.f5 Rh2+ 36.Kf1 Rd2
37.Rxe6 Rd4 38.Bc6 Rxg4 39.Re8+ Kg7 40.f6+ Kf7 41.Re7+ Kf8 42.Ra7 Rf4+ 43.Ke2 Nf5
44.Bd5  1-0

[Event "URS-ch sf"]
[Site "Aktjubinsk"]
[Date "1985.??.??"]
[Round "?"]
[White "Gofshtein, Leonid D"]
[Black "Petrushin, Alexander I"]
[Result "1-0"]
[WhiteElo "2395"]
[BlackElo "2390"]

1.d4 Nf6 2.c4 g6 3.Nf3 Bg7 4.g3 O-O 5.Bg2 d6 6.O-O Nbd7 7.Nc3 e5 8.Qc2 exd4
9.Nxd4 Nb6 10.Rd1 Nxc4 11.Ncb5 d5 12.b3 c5 13.bxc4 cxd4 14.Nxd4 Qa5 15.Bb2 dxc4
16.Qxc4 Qh5 17.Qb5 Rd8 18.Qxh5 Nxh5 19.e3 Rb8 20.Rac1 Bg4 21.Rd2 Bf6 22.Rc7 Rd7
23.Rdc2 Bd8 24.R7c4 Rd6 25.Ba3 Ra6 26.Bb4 Bd7 27.Nb3 Be6 28.Rd4 Bf6 29.Rdd2 Bxb3
30.axb3 Ra1+ 31.Bf1 Rb1 32.Rd7 Rxb3 33.Bd6 Ra8 34.Bc4 Rc3 35.Bxf7+ Kh8 36.Rxc3 Bxc3
37.Rxb7 a5 38.e4 Nf6 39.e5 Ne4 40.Ba3 Bxe5 41.Re7  1-0

[Event "URS-ch sf"]
[Site "Aktjubinsk"]
[Date "1985.??.??"]
[Round "?"]
[White "Gofshtein, Leonid D"]
[Black "Loginov, Valery A"]
[Result "1/2-1/2"]
[WhiteElo "2395"]
[BlackElo "2350"]

1.d4 Nf6 2.c4 g6 3.Nf3 Bg7 4.g3 O-O 5.Bg2 d6 6.Nc3 Nbd7 7.O-O e5 8.Qc2 exd4
9.Nxd4 Nb6 10.Rd1 Nxc4 11.Ncb5 a6 12.Qxc4 axb5 13.Nxb5 Ne8 14.Nc3 c6 15.Be3 Bd7
16.a4 Qa5 17.b4 Qh5 18.Bd4 d5 19.Qd3 Nf6 20.f3 Rfe8 21.a5 Bf5 22.Qd2 Bh6
23.e3 Bh3 24.Ne2 Bxg2 25.Kxg2 Qf5 26.Nf4 Nd7 27.Qc3 Ne5 28.Rf1 Bg7 29.Rae1 Re7
30.b5 Qd7 31.bxc6 Qxc6 32.Qa1 f5 33.Qa3  1/2-1/2

[Event "URS-ch sf"]
[Site "Aktjubinsk"]
[Date "1985.??.??"]
[Round "?"]
[White "Kachur, Alexander"]
[Black "Petrushin, Alexander I"]
[Result "1/2-1/2"]
[WhiteElo "2200"]
[BlackElo "2390"]

1.d4 Nf6 2.Nf3 g6 3.c4 Bg7 4.g3 O-O 5.Bg2 d6 6.O-O Nbd7 7.Nc3 e5 8.e4 exd4
9.Nxd4 Re8 10.h3 Nc5 11.Re1 c6 12.Qc2 a5 13.Be3 a4 14.Rad1 Nfd7 15.f4 Qa5
16.Bf2 Qb4 17.Nb1 Nb6 18.Na3 Nbd7 19.Nb1 Nb6 20.Na3 Nbd7 21.Nb1  1/2-1/2

[Event "OHRA-B"]
[Site "Amsterdam"]
[Date "1985.??.??"]
[Round "4"]
[White "Georgiev, Kiril"]
[Black "Piket, Jeroen"]
[Result "0-1"]
[WhiteElo "2550"]
[BlackElo "2400"]

1.d4 Nf6 2.c4 g6 3.Nf3 Bg7 4.g3 O-O 5.Bg2 d6 6.O-O Nc6 7.Nc3 a6 8.d5 Na5
9.Nd2 c5 10.Qc2 Rb8 11.b3 b5 12.Bb2 bxc4 13.bxc4 Bh6 14.f4 e5 15.dxe6 Bxe6
16.Nd5 Rxb2 17.Qxb2 Bg7 18.Qc2 Nxd5 19.cxd5 Bxa1 20.Rxa1 Qf6 21.Rd1 Qd4+
22.Kh1 Bf5 23.Be4 Nc4 24.Qd3 Qxd3 25.exd3 Bg4 26.Bf3 Bxf3+ 27.Nxf3 Ne3 28.Rb1 Nxd5
29.Rb7 Nb4 30.d4 Nxa2 31.dxc5 dxc5 32.Ne5 Nb4 33.Rc7 a5 34.Ra7 Rc8 35.Rxa5 c4
36.Rb5 f6 37.Nxg6 Nc6 38.Rc5 hxg6 39.Rxc4 Ne7 40.Re4 Kf7 41.Kg2 Rc2+ 42.Kh3 Nd5
43.Re1 f5 44.Ra1 Ne3 45.Ra7+ Kf6 46.Ra1 Ng4 47.Ra6+ Kg7  0-1

[Event "Badenweiler op"]
[Site "Badenweiler"]
[Date "1985.??.??"]
[Round "5"]
[White "Toth, Bela"]
[Black "Vatter, Hans Joachim"]
[Result "1/2-1/2"]
[WhiteElo "2405"]
[BlackElo "2250"]

1.d4 d6 2.g3 g6 3.Bg2 Bg7 4.Nf3 Nf6 5.c4 O-O 6.O-O Nc6 7.b3 e5 8.dxe5 Ng4
9.Bb2 Ngxe5 10.Nxe5 Nxe5 11.Nc3 a5 12.Qd2 Re8 13.Rad1 a4 14.h3 axb3 15.axb3 Nc6
16.e3 Be6 17.Ra1 Qd7 18.Ne4 Qe7 19.Bxg7 Kxg7 20.Qc3+ f6 21.g4 h6 22.Rxa8 Rxa8
23.f4 Kf7 24.Ng3 Ke8 25.Bd5 Bxd5 26.cxd5 Nd8 27.Rf2 Kd7 28.f5 g5 29.Nh5 Nf7
30.Nxf6+ Kd8 31.Rc2 Ne5 32.Nh5 c5 33.dxc6 bxc6 34.Kf2 Qb7 35.Rd2 Ke7 36.Qd4 Rd8
37.Qe4 Qxb3 38.f6+ Kf8 39.Qh7 Nf7 40.Ng7 c5 41.Qf5 Rb8 42.Ne6+ Ke8 43.Nc7+ Kd8
44.Ne6+ Ke8 45.Nc7+ Kd8 46.Nd5 Qb7 47.Qe6 Qd7 48.Ne7 Qe8 49.Nc6+ Qxc6 50.Qxf7 Qd7
51.Qf8+ Kc7 52.Qxh6 Qe6 53.Qxg5 Rf8 54.Kg2 Rxf6 55.Qd5 Qe5 56.Qxe5 dxe5 57.g5 Rc6
58.Kf3 c4 59.Ke4 c3 60.Rc2 Kd6 61.Kd3 Rc8 62.Rxc3 Rh8 63.Ke4 Rxh3 64.Ra3 Rg3
65.Ra6+ Kd7 66.Ra7+ Ke6 67.Ra6+ Kd7 68.g6 Ke7 69.Ra7+ Kf8 70.Rf7+ Kg8 71.Rf6 Kg7
72.Ra6 Rh3 73.Rb6 Rh6 74.Rc6 Rh3 75.Rd6 Rg3 76.Re6 Rh3 77.Ra6 Rh5 78.Rb6 Rh3
79.Re6 Rg3 80.Rxe5 Kxg6 81.Kd5 Kf7 82.Kd6 Rg1 83.Re7+ Kf8 84.e4 Rd1+ 85.Ke6 Re1
86.Rf7+ Ke8 87.Rf4 Ra1 88.Rf6 Ra2 89.Kf5 Rf2+ 90.Ke5 Ra2 91.Re6+ Kf7 92.Rb6  1/2-1/2

[Event "Bayamo"]
[Site "Bayamo"]
[Date "1985.??.??"]
[Round "3"]
[White "Pigusov, Evgeny"]
[Black "Pecorelli Garcia, Humberto"]
[Result "1/2-1/2"]
[WhiteElo "2455"]
[BlackElo "2435"]

1.d4 Nf6 2.Nf3 g6 3.c4 Bg7 4.g3 O-O 5.Bg2 d6 6.O-O c6 7.Nc3 Qa5 8.h3 e5 9.e4 Nbd7
10.Re1 Re8 11.d5 cxd5 12.cxd5 a6 13.a3 Qd8 14.a4 Rf8 15.Nd2 Ne8 16.Nc4 Nb6
17.Ne3 Bd7 18.Qb3 Rb8 19.a5 Nc8 20.Nc4 f5 21.exf5 gxf5 22.f4 e4 23.Be3 h5
24.Nb6 Nf6 25.Nxd7 Qxd7 26.Ra4 Qf7 27.Rb4 Kh7 28.Kh2 Rg8 29.Rg1 Bh6 30.Bf1 b5
31.axb6 a5 32.Rb5 h4 33.Be2 hxg3+ 34.Kg2 Ne7 35.Qa3 Ng6 36.Qxd6 Nh4+ 37.Kf1 g2+
38.Ke1 Rbd8 39.Qe6 Qg7 40.b7 Qg3+ 41.Kd2 Bxf4 42.Bxf4 Qxf4+ 43.Kc2 Kg6 44.Rb6 Rgf8
45.Qe7 Rb8 46.Rc6 Qf2 47.Rc7 Rg8 48.Rc6 Rgf8 49.Rc7 Rg8 50.Rc6  1/2-1/2

[Event "Bor"]
[Site "Bor"]
[Date "1985.??.??"]
[Round "?"]
[White "Morovic Fernandez, Ivan"]
[Black "Vukic, Milan"]
[Result "1/2-1/2"]
[WhiteElo "2450"]
[BlackElo "2490"]

1.d4 Nf6 2.c4 g6 3.Nf3 Bg7 4.g3 O-O 5.Bg2 d6 6.O-O c6 7.Nc3 Qa5 8.h3 Be6
9.d5 cxd5 10.Nd4 Bd7 11.Nb3 Qd8 12.cxd5 a5 13.Be3 Na6 14.Nd4 Rc8 15.Qb3 Nc5
16.Qa3 a4 17.Rfc1 Ra8 18.Qb4 Ra5 19.Qc4 Qa8 20.Nc2  1/2-1/2

[Event "Lang mem"]
[Site "Brno"]
[Date "1985.??.??"]
[Round "7"]
[White "Rogowski, Jaroslaw"]
[Black "Tobyas, Miroslav"]
[Result "1-0"]
[WhiteElo "2365"]
[BlackElo "2210"]

1.d4 Nf6 2.c4 g6 3.Nf3 Bg7 4.g3 O-O 5.Bg2 d6 6.O-O c6 7.Nc3 Qa5 8.h3 e5 9.e4 exd4
10.Nxd4 Qc5 11.Be3 Qxc4 12.Re1 Qa6 13.Nb3 Be6 14.Qxd6 Nbd7 15.Bf1 Ne8 16.Qxf8+ Bxf8
17.Bxa6 bxa6 18.Nd4 Bxh3 19.Nxc6 Nc5 20.Nd5 Bd7 21.Nce7+  1-0

[Event "ARG-ch"]
[Site "Buenos Aires"]
[Date "1985.??.??"]
[Round "15"]
[White "Debarnot, Roberto"]
[Black "Mahia, Gustavo"]
[Result "1-0"]
[WhiteElo "2380"]
[BlackElo "2305"]

1.d4 Nf6 2.c4 g6 3.Nf3 Bg7 4.g3 O-O 5.Bg2 d6 6.O-O c6 7.Nc3 Qa5 8.h3 Qa6
9.b3 b5 10.Nd2 bxc4 11.bxc4 Nfd7 12.e3 Nb6 13.Qb3 Be6 14.d5 cxd5 15.cxd5 Bf5
16.e4 Bc8 17.Rd1 N8d7 18.Rb1 Nc5 19.Qc2 Bd7 20.Bf1 Qc8 21.Nb5 Bxh3 22.Nxa7 Rxa7
23.Rxb6 Bxf1 24.Nxf1 Qg4 25.Re1 Ra4 26.Nh2 Qh3 27.e5 Rfa8 28.exd6 exd6 29.Rxd6 Bd4
30.Be3 Rxa2 31.Qxa2 Rxa2 32.Rd8+ Kg7 33.Bxd4+ Kh6 34.Bxc5 Qf5 35.Bf8+ Kg5
36.f4+  1-0

[Event "Midwest Masters"]
[Site "Chicago"]
[Date "1985.??.??"]
[Round "1"]
[White "Small, Greg"]
[Black "Savage, Allan G"]
[Result "1-0"]
[WhiteElo "2200"]
[BlackElo "2325"]

1.d4 Nf6 2.g3 g6 3.Bg2 Bg7 4.c4 O-O 5.Nf3 d6 6.b3 c5 7.Bb2 Nc6 8.Nc3 Bf5
9.O-O Rb8 10.Rc1 Bh6 11.e3 Qa5 12.a3 Bg4 13.dxc5 dxc5 14.h3 Rbd8 15.Qe2 Be6
16.Rfd1 a6 17.g4 Bg7 18.Ng5 Bc8 19.Nd5 Nxd5 20.cxd5 Ne5 21.Ne4 b6 22.f4 Nd7
23.Bxg7 Kxg7 24.Qb2+ Kg8 25.b4  1-0

[Event "Midwest Masters"]
[Site "Chicago"]
[Date "1985.??.??"]
[Round "1"]
[White "Dandridge, Marvin"]
[Black "Thomas, K."]
[Result "1-0"]
[WhiteElo "2200"]
[BlackElo "2200"]

1.d4 Nf6 2.Nf3 g6 3.g3 Bg7 4.Bg2 O-O 5.c4 d6 6.O-O Bg4 7.Nc3 Nc6 8.h3 Bxf3
9.Bxf3 e5 10.Bxc6 bxc6 11.dxe5 dxe5 12.Qxd8 Rfxd8 13.Be3 Kf8 14.Rad1 Rxd1
15.Rxd1 Ke7 16.Kf1 a6 17.Ke1 Nd7 18.Na4 Rb8 19.b3 Ke6 20.Ba7 Ra8 21.Bc5 f5
22.Ba3 g5 23.Kd2 Bf6 24.Kc2 h5 25.f3 Rg8 26.e4 f4 27.g4 hxg4 28.fxg4 Rh8
29.Rd3 Be7 30.Bxe7 Kxe7 31.Kc3 Rf8 32.Rf3 c5 33.Kd2 Kd6 34.Rd3+ Kc6 35.Ke2 Nf6
36.Nc3 Rh8 37.Kf1 Rh7 38.Kg2 Rd7 39.Rxd7 Kxd7 40.Kf3 c6 41.Nb1 Ne8 42.Nd2 Ng7
43.Kf2 Ke7 44.Nf3 Kf6 45.Ne1 Ke7 46.Nd3 Kd6 47.Kg2 Ne6 48.Nf2 Nf8 49.h4 gxh4
50.Kh3 Ng6 51.g5 Ke7 52.Kg4 Kf7 53.Nd3 a5 54.Nxc5 f3 55.Kxf3 Nf4 56.Kg4 h3
57.Kg3 Kg6 58.Nb7 Kxg5 59.Nxa5 c5 60.Nb7 Ne6 61.a4 h2 62.Kxh2 Kf4 63.Nd6 Ke3
64.Kg3 Kd3 65.a5 Nc7 66.Kg4 Kc2 67.Kf5 Kxb3 68.Kxe5 Kb4 69.Kf5 Kxa5 70.e5 Kb6
71.e6 Kc6 72.Ke5  1-0

[Event "Dresden"]
[Site "Dresden"]
[Date "1985.??.??"]
[Round "6"]
[White "Gauglitz, Gernot"]
[Black "Kochyev, Alexander"]
[Result "1/2-1/2"]
[WhiteElo "2365"]
[BlackElo "2465"]

1.d4 Nf6 2.c4 g6 3.Nf3 Bg7 4.g3 O-O 5.Bg2 d6 6.O-O Nbd7 7.Nc3 e5 8.h3 c6
9.e4 a5 10.Be3 a4 11.Qc2 Qa5 12.Rab1 b5 13.dxe5 dxe5 14.b4 axb3 15.axb3 b4
16.Na4  1/2-1/2

[Event "Dresden"]
[Site "Dresden"]
[Date "1985.??.??"]
[Round "10"]
[White "Espig, Lutz"]
[Black "Vogt, Lothar"]
[Result "1/2-1/2"]
[WhiteElo "2420"]
[BlackElo "2465"]

1.Nf3 Nf6 2.c4 g6 3.d4 Bg7 4.g3 O-O 5.Bg2 d6 6.O-O Nbd7 7.Qc2 e5 8.Rd1 Qe7
9.Nc3 c6 10.e4 Nb6 11.b3 Bg4 12.dxe5 dxe5 13.a4 Rfd8 14.Rxd8+ Rxd8 15.a5 Nbd7
16.Ba3 Qe8 17.Rd1 Bf8 18.b4 Bxf3 19.Bxf3 Nb8  1/2-1/2

[Event "Frunze"]
[Site "Frunze"]
[Date "1985.??.??"]
[Round "5"]
[White "Romanishin, Oleg M"]
[Black "Kanstler, Boris"]
[Result "1-0"]
[WhiteElo "2570"]
[BlackElo "2380"]

1.d4 g6 2.c4 d6 3.g3 Bg7 4.Bg2 Nf6 5.Nf3 O-O 6.O-O Nc6 7.Nc3 a6 8.b3 Rb8
9.Nd5 Nxd5 10.cxd5 Nb4 11.e4 f5 12.Ng5 c5 13.Bb2 cxd4 14.a3 e5 15.Nh3 Nc6
16.dxc6 fxe4 17.cxb7 Bxb7 18.b4 Qf6 19.Rc1 Bd5 20.Qe2 Qf5 21.Qxa6 g5 22.Qa5 Ba8
23.Nxg5 Qxg5 24.Bxd4 Qf6 25.Ba7 Rbe8 26.Rc7 d5 27.Bc5 Rf7 28.Qb5 Rd8 29.Rxf7 Qxf7
30.Qe2 Qg6 31.Re1 Bh6 32.Qa2 Kh8 33.Qb1 Bg7 34.a4 Bh6 35.a5 Qc6 36.Qd1 Re8
37.Qh5 Bd2 38.Rd1 Bc3 39.Rxd5 Bd4 40.Bxe4 Bxc5 41.Qxh7+  1-0

[Event "Frunze"]
[Site "Frunze"]
[Date "1985.??.??"]
[Round "6"]
[White "Novak, Ivan"]
[Black "Watson, William N"]
[Result "1/2-1/2"]
[WhiteElo "2290"]
[BlackElo "2460"]

1.d4 Nf6 2.c4 g6 3.Nf3 Bg7 4.g3 O-O 5.Bg2 d6 6.Nc3 c6 7.O-O a6 8.e4 Nfd7
9.a4 a5 10.Be3 e5 11.Qe2 Na6 12.Rfd1 Qe7  1/2-1/2

[Event "Frunze"]
[Site "Frunze"]
[Date "1985.??.??"]
[Round "7"]
[White "Romanishin, Oleg M"]
[Black "Novak, Ivan"]
[Result "1-0"]
[WhiteElo "2570"]
[BlackElo "2290"]

1.d4 Nf6 2.c4 g6 3.g3 Bg7 4.Bg2 O-O 5.Nf3 d6 6.O-O Nc6 7.Nc3 a6 8.b3 Rb8
9.Nd5 Bg4 10.Bb2 e5 11.dxe5 Nxd5 12.cxd5 Bxf3 13.dxc6 Bxc6 14.Bxc6 bxc6 15.Qc2 Rb6
16.Rad1 Qe7 17.Bd4 c5 18.exd6 cxd6 19.Bxg7 Kxg7 20.Rd3 Re8 21.Re1 Qf6 22.Red1 Re6
23.Qd2 Qe7 24.Kf1 Qb7 25.Qc3+ Kg8 26.f3 Qe7 27.R1d2 Rb4 28.Kf2 h5 29.Re3 Rxe3
30.Qxe3 Qf6 31.Qd3 Rb6 32.Rc2 Qa1 33.Kg2 Qe5 34.Rc4 Qe8 35.Re4 Qc6 36.Re7 d5
37.Qc3 Qc8 38.Kf2 Re6 39.Rxe6 fxe6 40.Qf6 Qe8 41.Ke3 a5 42.Kd2 Kh7 43.h3 Qd7
44.g4 hxg4 45.hxg4 Qe8 46.Ke1 Qd7 47.Qf8 Qc7 48.g5 Qg3+ 49.Kd1 Qg1+ 50.Kc2 Qxg5
51.Qxc5 Qe5 52.Kd3 Qf5+ 53.Kd2 Qg5+ 54.Kd3 Qf5+ 55.Kd2 Qg5+ 56.Kd1 Qd8 57.a4 Qf6
58.Qc7+ Kg8 59.Kc2 Qf5+ 60.Kb2 Qf6+ 61.Ka2 Qf5 62.Kb2 Qf6+ 63.Qc3 Qd8 64.b4 axb4
65.Qxb4 Qf6+ 66.Qc3 d4 67.Qd3 Kh7 68.Kb3 Qe5 69.Qc4 Qb8+ 70.Qb4 Qe5 71.Qb7+ Kh6
72.Qb5 Qe3+ 73.Qd3 Qe5 74.Qc4 Qb8+ 75.Kc2 Qe5 76.Kd1 Kh7 77.Qb5 Qe3 78.Qb7+ Kh6
79.Qe4 Qg1+ 80.Kc2 Qa1 81.Qh4+ Kg7 82.Qe7+ Kh6 83.Qb4 e5 84.a5 Kg5 85.Qd2+ Kf6
86.Kb3 Ke6 87.Kb4 Qb1+ 88.Kc5 Qb3 89.Qd3 Qd5+ 90.Kb4 Qd6+ 91.Kb3 Qb8+ 92.Ka4 Kf6
93.Qc4 Qb2 94.a6 Qa1+ 95.Kb5 Qb2+ 96.Kc5 Qc3 97.Kd5 Qa5+ 98.Kc6 Qc3 99.Qc5 Qb3
100.a7 Qa4+ 101.Kb7  1-0

[Event "Gausdal zt"]
[Site "Gausdal"]
[Date "1985.??.??"]
[Round "?"]
[White "Olafsson, Helgi"]
[Black "Westerinen, Heikki MJ"]
[Result "1/2-1/2"]
[WhiteElo "2515"]
[BlackElo "2420"]

1.d4 Nf6 2.c4 g6 3.Nf3 Bg7 4.g3 O-O 5.Bg2 d6 6.Nc3 Nc6 7.O-O Bg4 8.d5 Na5
9.b3 c5 10.Bb2 Qd7 11.Nd2 a6 12.Qc2 b5 13.f3 Bh3 14.Bxh3 Qxh3 15.Nd1 Rab8
16.Bc3 Nb7 17.e4 e5 18.Nf2 Qh6 19.cxb5 axb5 20.a4 b4 21.Bb2 Na5 22.Nc4 Nxc4
23.Qxc4 Qd2 24.Nd3 Nd7 25.Rf2 Qg5 26.Bc1 Qe7 27.a5 f5 28.Raa2 Bf6 29.Rfe2 fxe4
30.fxe4 Bg5 31.Kg2 Bxc1 32.Qxc1 Nf6 33.Qc4 Nh5 34.Qc1 Nf6 35.Nf2 Ne8 36.Ng4  1/2-1/2

[Event "DDR-ch 34th"]
[Site "Jueterbog"]
[Date "1985.??.??"]
[Round "?"]
[White "Espig, Lutz"]
[Black "Uhlmann, Wolfgang"]
[Result "0-1"]
[WhiteElo "2450"]
[BlackElo "2470"]

1.d4 Nf6 2.c4 g6 3.g3 Bg7 4.Bg2 O-O 5.Nf3 d6 6.O-O Nbd7 7.Qc2 e5 8.Rd1 Qe7
9.Nc3 c6 10.e4 Nb6 11.b3 Bg4 12.Be3 Nfd7 13.h3 Bxf3 14.Bxf3 exd4 15.Bxd4 Bxd4
16.Rxd4 Qf6 17.Qd1 Nc5 18.Rc1 Rfd8 19.Bg2 a5 20.Ne2 a4 21.b4 Ne6 22.Rd3 a3
23.Rb3 c5 24.bxc5 dxc5 25.Qe1 Na4 26.f4 Nd4 27.e5 Qf5 28.Nxd4 cxd4 29.Qd2 Nc5
30.Rb6 Rac8 31.Rd1 Ne4 32.Bxe4 Qxe4 33.Rd6 Rxd6 34.exd6 Rxc4 35.Rc1 d3 36.Re1 Qd4+
37.Re3 Qxd6 38.Qxd3 Rc1+ 39.Kf2 Qxd3 40.Rxd3 Rc2+ 41.Kg1 Rxa2 42.Rb3 Ra1+  0-1

[Event "Kecskemet op"]
[Site "Kecskemet "]
[Date "1985.??.??"]
[Round "6"]
[White "Mozny, Milos"]
[Black "Halasz, Tamas"]
[Result "1-0"]
[WhiteElo "2395"]
[BlackElo "2360"]

1.d4 Nf6 2.Nf3 g6 3.g3 Bg7 4.Bg2 O-O 5.c4 d6 6.O-O c5 7.dxc5 dxc5 8.Nc3 Nc6
9.Be3 Qa5 10.Qb3 Ng4 11.Bd2 Qd8 12.Rad1 Na5 13.Qb5 Be6 14.Qxc5 Nxc4 15.Bc1 Qb6
16.Qxb6 axb6 17.Nd4 Bc8 18.Nd5 e5 19.Nb5 Rxa2 20.Ne7+ Kh8 21.Nxc8 Rxc8 22.Bxb7 Raa8
23.Bxc8 Rxc8 24.Nd6 Nxd6 25.Rxd6 Bf8 26.Rxb6 Bc5 27.Rb5 Bxf2+ 28.Kg2 Be3
29.h3  1-0

[Event "Kecskemet op"]
[Site "Kecskemet "]
[Date "1985.??.??"]
[Round "8"]
[White "Mozny, Milos"]
[Black "Knaak, Rainer"]
[Result "1-0"]
[WhiteElo "2395"]
[BlackElo "2525"]

1.d4 Nf6 2.Nf3 g6 3.c4 d6 4.g3 Bg7 5.Bg2 O-O 6.O-O Nbd7 7.Nc3 e5 8.e4 a6
9.h3 b5 10.dxe5 dxe5 11.Qe2 c6 12.b3 Re8 13.Rd1 Qe7 14.Ne1 Bf8 15.Bg5 Qe6
16.Rac1 Bb7 17.Rc2 Bc5 18.Rcd2 Nf8 19.Nc2 Be7 20.Qf3 N6d7 21.Bxe7 Qxe7 22.Qe3 bxc4
23.bxc4 Nc5 24.f4 exf4 25.gxf4 Nfe6 26.e5 Qh4 27.Ne2 Rab8 28.Qf2 Qe7 29.Ncd4 Rec8
30.Nxe6 Nxe6 31.Rd7 Qf8 32.f5 gxf5 33.Qxf5 Rd8 34.Ng3 Rxd7 35.Rxd7 Qg7 36.Nh5 Qg6
37.Nf6+ Kg7 38.Qxe6 Bc8 39.Ne8+ Kh6 40.Qxg6+ hxg6  1-0

[Event "Kecskemet op"]
[Site "Kecskemet "]
[Date "1985.??.??"]
[Round "11"]
[White "Hever, Miklos"]
[Black "Paehtz, Thomas Sr"]
[Result "0-1"]
[WhiteElo "2260"]
[BlackElo "2440"]

1.Nf3 Nf6 2.c4 g6 3.g3 Bg7 4.Bg2 d6 5.d4 O-O 6.O-O Nbd7 7.Nc3 e5 8.e3 Re8
9.b3 c6 10.dxe5 dxe5 11.Ng5 Qa5 12.Nge4 Rd8 13.Qd2 Nxe4 14.Nxe4 Qxd2 15.Bxd2 f5
16.Nd6 Nc5 17.Bb4 Nd3 18.Ba3 Bf8 19.Rfd1 e4 20.c5 b6 21.Nc4 Bg7 22.Bb2 b5
23.Ne5 Bxe5 24.Bxe5 Be6 25.Bd6 a5 26.f3 Bd5 27.fxe4 fxe4 28.a3 b4 29.Rdb1 a4
30.axb4 axb3 31.b5 Rxa1 32.Rxa1 cxb5 33.Be7 b2 34.Rb1 Ra8 35.Bf6 Ba2 36.Bxe4 Bxb1
37.Bxa8 Ba2 38.Bxb2 Nxb2 39.c6 Be6 40.Bb7 Nc4  0-1

[Event "Kecskemet op"]
[Site "Kecskemet "]
[Date "1985.??.??"]
[Round "11"]
[White "Horvath, Csaba"]
[Black "Forgacs, Gyula"]
[Result "1/2-1/2"]
[WhiteElo "2330"]
[BlackElo "2345"]

1.d4 Nf6 2.c4 g6 3.Nf3 Bg7 4.g3 O-O 5.Bg2 d6 6.O-O c6 7.Nc3 a6 8.a3 b5 9.cxb5 axb5
10.Bg5 h6 11.Bd2 Nbd7 12.Ne1 Qb6 13.Nc2 Bb7 14.b4 c5 15.bxc5 dxc5 16.Bxb7 Qxb7
17.Rb1 cxd4 18.Nxd4 Rxa3 19.Qc1 Ra6 20.Rxb5 Qc7 21.Qb1 Nb6 22.Qb4 Nfd7 23.Rc1 Qc4
24.Nb3 Qxb4 25.Rxb4 Rc8 26.Kg2 Bxc3 27.Rxc3 Rxc3 28.Bxc3 Nd5 29.Rb7  1/2-1/2

[Event "Moscow-B"]
[Site "Moscow"]
[Date "1985.??.??"]
[Round "?"]
[White "Szekely, Peter"]
[Black "Belov, Igor"]
[Result "1/2-1/2"]
[WhiteElo "2415"]
[BlackElo "2200"]

1.Nf3 g6 2.c4 Bg7 3.d4 Nf6 4.g3 O-O 5.Bg2 d6 6.Nc3 Nbd7 7.O-O e5 8.e4 exd4
9.Nxd4 Re8 10.h3 Nc5 11.Re1 a5 12.b3 c6 13.Bf4 h6 14.Qc2 a4 15.Rad1 g5 16.Be3 axb3
17.axb3 Qb6  1/2-1/2

[Event "Naleczow (Women)"]
[Site "Naleczow"]
[Date "1985.??.??"]
[Round "7"]
[White "Fatalibekova, Elena"]
[Black "Szmacinska, Grazyna"]
[Result "1-0"]
[WhiteElo "2120"]
[BlackElo "2120"]

1.Nf3 Nf6 2.d4 g6 3.g3 Bg7 4.c4 d6 5.Bg2 O-O 6.O-O c5 7.Nc3 Nc6 8.dxc5 dxc5
9.Be3 Be6 10.Ng5 Qxd1 11.Rfxd1 Bxc4 12.Bxc5 h6 13.Nh3 Rfe8 14.Rac1 e5 15.b3 Be6
16.Nb5 Bxh3 17.Bxh3 Red8 18.Rxd8+ Rxd8 19.Nxa7 Nd4 20.Kf1 Bf8 21.Bxf8 Kxf8
22.Rc8 Rxc8 23.Bxc8 b6 24.Ba6 Nd5 25.Bc4 Nc3 26.a4 Ne4 27.Nc8 Nxb3 28.Nxb6 Na5
29.Bd5 Nc3 30.Ke1 Ke7 31.Kd2 Nxd5 32.Nxd5+ Kd6 33.e4 Kc5 34.Kc3 h5 35.Nb4 f5
36.f3 Kd6 37.Nd3 Nc6 38.Nb2 f4 39.gxf4 exf4 40.h4 g5 41.hxg5 h4 42.Nd3 h3
43.Nf2 h2 44.g6 Ke6 45.g7 Kf7 46.Kc4 Ne5+ 47.Kb5 Nxf3 48.a5 Ng5 49.a6 Nxe4
50.a7 Nxf2 51.a8=Q Kxg7 52.Qg2+  1-0

[Event "New York op"]
[Site "New York"]
[Date "1985.??.??"]
[Round "3"]
[White "Belopolsky, Boris"]
[Black "Cramling, Pia"]
[Result "0-1"]
[WhiteElo "2230"]
[BlackElo "2400"]

1.d4 Nf6 2.c4 d6 3.Nf3 g6 4.g3 Bg7 5.Bg2 O-O 6.O-O c6 7.Nc3 a6 8.h3 b5 9.cxb5 axb5
10.b4 Na6 11.Rb1 Bf5 12.Rb2 Ne4 13.Nb1 Be6 14.Ng5 Nxg5 15.Bxg5 h6 16.Be3 Qd7
17.Qc1 Rfc8 18.Rd1 Kh7 19.Kh2 Qb7 20.h4 Nb8 21.a3 Nd7 22.Bf4 Nb6 23.Rc2 Bb3
24.Bxc6 Rxc6 25.Rxc6 Bxd1 26.Rc7 Qb8 27.Rxe7 Bb3 28.Nd2 Be6 29.h5 g5 30.Qc2+ Kg8
31.Bxg5 hxg5 32.h6 Bxh6 33.Ne4 Nd5 34.Rxe6 fxe6 35.Nxg5 Bxg5  0-1

[Event "Nikea op"]
[Site "Nikea"]
[Date "1985.??.??"]
[Round "?"]
[White "Psaras, Stilianos"]
[Black "Veroci, Zsuzsa"]
[Result "1/2-1/2"]
[WhiteElo "2230"]
[BlackElo "2280"]

1.d4 Nf6 2.c4 g6 3.g3 Bg7 4.Bg2 d6 5.Nf3 O-O 6.O-O Nc6 7.Nc3 a6 8.h3 Rb8
9.Be3 b5 10.Nd2 Bd7 11.cxb5 axb5 12.Rc1 Na5 13.b4 Nc4 14.Nxc4 bxc4 15.Rb1 Qc8
16.Kh2 Bf5 17.Rb2 c6 18.a4 Nd7 19.b5 cxb5 20.axb5 Nb6 21.Qd2 d5 22.Bf4 Ra8
23.g4 Be6 24.e3 Qd7 25.Ra2 Rxa2 26.Qxa2 Ra8 27.Qb2 Qa7 28.Rd1 f6 29.e4 dxe4
30.Bxe4 Rd8 31.Bc6 Nc8 32.d5 f5 33.b6 Nxb6 34.Ra1 Bxc3 35.Qxc3 Nxd5 36.Qe1 Qc5
37.Qxe6+ Kg7 38.Qe5+ Kf7 39.Bxd5+ Rxd5 40.Qe2 Qd4 41.Bg5 Re5 42.Rd1 Rxe2
43.Rxd4 Rxf2+ 44.Kg3 Re2 45.Kf3 Rh2 46.Kg3 Re2 47.Rxc4 e5 48.Rc7+ Ke6 49.Re7+ Kd5
50.Rxh7 Ke4 51.Re7 Kd3 52.gxf5 gxf5 53.h4 f4+ 54.Kf3 Re3+ 55.Kf2 Ke4 56.Rf7 Rf3+
57.Kg2 Rg3+ 58.Kh2 Kf3 59.Rf5 Ke4 60.Rf8 Kf3 61.Re8 Rg2+ 62.Kh1 Re2 63.h5 Re1+
64.Kh2 Re2+ 65.Kh3 Re1  1/2-1/2

[Event "Poznan"]
[Site "Poznan"]
[Date "1985.??.??"]
[Round "1"]
[White "Danailov, Silvio"]
[Black "Woda, Jacek"]
[Result "1/2-1/2"]
[WhiteElo "2440"]
[BlackElo "2210"]

1.Nf3 g6 2.d4 Bg7 3.g3 Nf6 4.Bg2 O-O 5.c4 d6 6.Nc3 Nc6 7.O-O e5 8.dxe5 dxe5
9.Bg5 Be6 10.Nd5 Bxd5 11.cxd5 Qxd5 12.Qxd5 Nxd5 13.Nxe5 Nxe5 14.Bxd5 c6 15.Bb3 a5
16.Rad1 h6 17.Bc1 Rfe8 18.Bc2 Nc4 19.Bd3 Nxb2 20.Bxb2 Bxb2 21.Rb1 Ba3 22.Rxb7 Rab8
23.Rfb1 Bd6 24.Bc4 Rxb7 25.Rxb7 Re7  1/2-1/2

[Event "Prague zt"]
[Site "Prague"]
[Date "1985.??.??"]
[Round "2"]
[White "Ftacnik, Lubomir"]
[Black "Schmidt, Wlodzimierz"]
[Result "1/2-1/2"]
[WhiteElo "2545"]
[BlackElo "2475"]

1.d4 Nf6 2.c4 g6 3.Nf3 Bg7 4.g3 O-O 5.Bg2 d6 6.Nc3 Nc6 7.O-O a6 8.d5 Na5
9.Nd2 c5 10.Qc2 Rb8 11.b3 b5 12.Bb2 e5 13.dxe6 fxe6 14.cxb5 axb5 15.Nce4 Nxe4
16.Nxe4 Bxb2 17.Qxb2 Bb7 18.Rad1 Bxe4 19.Bxe4 d5 20.Bg2 Nc6 21.e4 d4 22.Qc2 Qb6
23.Rc1 Nb4 24.Qxc5 Nxa2 25.Qxb6 Rxb6 26.Rc7 Rf7 27.Rc8+ Rf8 28.Rc7 Rf7 29.Rc8+  1/2-1/2